| 000 | 01046nam a22002537a 4500 | ||
|---|---|---|---|
| 001 | 22147 | ||
| 005 | 20260331173127.0 | ||
| 008 | 260330b |||||||| |||| 00| 0 spa d | ||
| 020 | _a9788419187253 | ||
| 082 |
_a658.562 _bC84 |
||
| 100 |
_aCostas Gual, José, _eAUT |
||
| 245 |
_aMejora continua : _bconstrucción de organizaciones orientadas a resolver problemas: hoja de ruta para incrementar el nivel de madurez organizacional |
||
| 250 | _aPrimera edición | ||
| 260 |
_a[Lugar de publicación no identificado] : _bAula Magna Proyecto Clave McGraw Hill, _c2022 |
||
| 300 |
_a533 páginas : _bilustraciones, cuadros, gráficos ; _c23 cm. |
||
| 440 | _a ; | ||
| 650 | _aTCA | ||
| 653 | _aGerencia general; Control de calidad | ||
| 654 | _aCAN | ||
| 700 |
_aCliment, Rafael Pastor, _eAUT |
||
| 700 |
_aPuche Regaliza, Julio César, _eAUT |
||
| 856 |
_uhttps://0u20juuox-y-https-www-jstor-org.itmsp.museknowledge.com/action/doBasicSearch?Query=Mejora+continua&so=rel _zVéase además: Base de datos JSTOR |
||
| 942 |
_cLIB _dJUS _fMIP _n0 _2ddc |
||
| 999 |
_c22147 _d22147 |
||